000 01623cam a22004454i 4500
003 PE-LiUPU
005 20250731173308.0
008 150625s1995 sp rb 000 0 spa d
020 _a8476458371
035 _a(Sirsi) i9788476458372
040 _aPE-LiUPU
_bspa
_cPE-LiUPU
_erda
049 _aPRUA
082 0 4 _a225.77
_bNTWB
_221
100 1 _aBarclay, William,
_d1907 - 1978,
_eautor.
245 1 0 _aCartas a los Hebreos /
_cComentado por William Barclay.
264 1 _aBarcelona :
_bClie,
_c1995.
300 _a237 páginas ;
_c20 centímetros.
336 _atext
_2rdacontent
337 _aunmediated
_2rdamedia
338 _avolume
_2rdacarrier
490 _a(Comentario al Nuevo Testamento :
_vTomo 13)
504 _aIncluye referencias bibliográficas.
505 0 _aEl fin de lo fragmentario (1:1-3) -- Por encima de los ángeles (1:4-14) -- El temor de la palabra ( 4:11-13) -- La esperanza que no falla (6: 13-20) -- El sacrificio que nos da acceso a Dios (9:11-14) -- Los héroes de la fe (11:32-34).
526 _aSEG42
526 _aSEG41
526 _aSEG40
526 _aSEG39
526 _aP94
526 _aP87
526 _aP86
526 _aP85
526 _aP77
526 _aP76
526 _aP35
630 _aBiblia.
_pHebreos
_xCrítica e interpretación
942 _2ddc
_cBK
949 _a225.77 N 13 1995
_wDEWEY
_c1
_i56032
_d2016-1-19
_e2016-1-18
_lCCODEBUL1
_mBUL
_n2
_p9.00
_r0
_sY
_tBOOK
_u2015-6-25
_xTEOLOGIA
_zUNKNOWN
_0COMPRA
_o.STAFF. Colección General
999 _c44859
_d44859
980 _81
_gALBERTO SANCHEZ Responsable de Automatización